| 000 | 00474nam a22001697a 4500 | ||
|---|---|---|---|
| 003 | 0 | ||
| 005 | 20230620133131.0 | ||
| 008 | 230620b xxu||||| |||| 00| 0 eng d | ||
| 020 | _a978-981-09-1453-0 | ||
| 082 |
_aER _b.Qu2 2010 |
||
| 245 |
_aLet's go camping _cQuay, Emma |
||
| 260 |
_aNew York _bScholastic, Inc. _cc2010 |
||
| 300 |
_a24pp. _bcol. ill. _c23cm. |
||
| 500 | _aFriendship-Juvenile literature. | ||
| 500 | _aCamping-Juvenile literature. | ||
| 942 |
_2ddc _cER |
||
| 999 |
_c365057 _d365057 |
||